| 000 | 02381nam a2200421 c 4500 | ||
|---|---|---|---|
| 003 | BLK | ||
| 005 | 20190927082403.0 | ||
| 008 | 180410b bul|||||r ||||||| ||bul|| | ||
| 010 | _aKNG00159764000 | ||
| 020 |
_a978-954-561-310-4 _bиздат.: Макрос |
||
| 040 | _aBLK | ||
| 041 |
_aBUL _cBUL |
||
| 072 | 7 |
_2bullib _aН32 _xПолитика Н |
|
| 080 |
_aПолитическо преследване. Терористични действия. Тероризъм - Атентати, политически убийства. Вж и 343.1 ; 343.3/.7 _b323.28 _x(497.2)(091)(093.3) _z323.28(497.2)(091)(093.3) |
||
| 080 |
_aЗаведения за изпълнение на наказанието. Заведения за трудова терапия - Затвори, принудителна работа, наказателни колонии, концентрационни лагери, възпитателни заведения и др. _b343.81 _x(497.2)(091)(093.3) _z343.81(497.2)(091)(093.3) |
||
| 700 | 1 |
_aЛюбенова, Надежда _eанкети, ред. и състав. _gПетрова, Надежда Любенова _9365527 |
|
| 700 | 1 |
_aПетрова, Надежда Любенова _e* _9331552 |
|
| 139 |
_aГнет и стоицизъм _bГ 57 |
||
| 245 | 1 | 0 |
_aГнет и стоицизъм _bАнтология : Сб. от спомени на живи свидетели и арх. док. _cанкети, ред. и състав. Надежда Любенова; * Надежда Любенова Петрова. |
| 257 | _aBGR | ||
| 260 |
_аПловдив _bМакрос _c2013 |
||
| 300 |
_a396 с. _bс ил., портр., факс. _c24 см |
||
| 380 | _a9 | ||
| 500 | _aПълното име на състав. е Надежда Любенова Петрова. | ||
| 650 | 4 |
_aПолитически репресии - България - спомени _9270867 |
|
| 650 | 4 |
_aКонцентрационни лагери - България _9259554 |
|
| 651 | 4 |
_aБългария _9241624 |
|
| 653 | _aполитически репресии | ||
| 653 | _aконцентрационни лагери | ||
| 653 | _aистория | ||
| 653 | _aспомени | ||
| 659 | _aН | ||
| 852 | _aЦб 268408 | ||
| 856 | 4 |
_qpdf _u |
|
| 856 | 4 |
_qpdf _u |
|
| 942 |
_cKNG _n0 _02 |
||
| 944 |
_aCR _c16.04.2014 _lф / _kЛюдмила_Стоянова |
||
| 944 |
_aED _c28.10.2014 _lф / _k |
||
| 999 |
_c153235 _d153235 |
||